|
|
|
|
| LEADER |
01487nam a22002897a 4500 |
| 001 |
37695 |
| 003 |
BD-DhAAL |
| 005 |
20260412143109.0 |
| 008 |
220213t2001 bg a|||| b||| 00| 0 ben d |
| 040 |
|
|
|a BD-DhAAL
|c BD-DhAAL
|
| 041 |
|
|
|a ben
|
| 082 |
|
|
|a 370.95492
|2 23
|
| 100 |
|
|
|a লতিফ, আবু হামিদ.
|9 45708
|
| 245 |
|
|
|a বাংলদেশের উপানুষ্ঠানিক শিক্ষা /
|c আবু হামিদ লতিফ.
|
| 250 |
|
|
|a Bangladesher upanushthanik shikkha
|
| 260 |
|
|
|a ঢাকা :
|b এক্সপোজ মিডিয়া রিলেশন,
|c ২০০১.
|
| 300 |
|
|
|a ১৪২ পৃষ্ঠা :
|b চিএ ;
|c ২১ সে.মি.
|
| 504 |
|
|
|a গ্রন্থপঞ্জী অন্তর্গত।
|
| 526 |
|
|
|a BIED
|
| 541 |
|
|
|a Complimentary copy from BIED
|e 37695, 37733
|
| 650 |
|
|
|a Education
|z Bangladesh.
|9 45709
|
| 650 |
|
|
|a Education.
|9 45829
|
| 852 |
|
|
|a Ayesha Abed Library
|
| 942 |
|
|
|2 ddc
|c BK
|
| 999 |
|
|
|c 43491
|d 43491
|
| 952 |
|
|
|0 0
|1 0
|2 ddc
|4 0
|6 370_954920000000000_LAT
|7 0
|9 69769
|a BRACUL
|b BRACUL
|c GEN
|d 2022-02-13
|e Complimentary copy from BIED
|l 0
|o 370.95492 LAT
|p 3010037695
|r 2022-02-13
|t 1
|w 2022-02-13
|y BK
|x Transferred from BIED to General Stacks
|
| 952 |
|
|
|0 0
|1 0
|2 ddc
|4 0
|6 370_954920000000000_LAT
|7 0
|9 69813
|a BRACUL
|b BRACUL
|c GEN
|d 2022-02-16
|e Complimentary copy from BIED
|l 1
|m 2
|o 370.95492 LAT
|p 3010037733
|r 2023-10-15
|s 2023-09-24
|t 2
|w 2022-02-16
|y BK
|x Transferred from BIED to General Stacks
|